Most Populous Countries of Europe in 1800 - Statistics

General Stats
  • This quiz has been taken 41 times
  • The average score is 14 of 21
Answer Stats
Population Country Flag % Correct
35,000,000 France
97%
35,000,000 Russian Empire
97%
16,000,000 United Kingdom
97%
2,090,000 Batavian Republic
92%
23,000,000 Habsburg Monarchy
92%
13,000,000 Ottoman Empire
92%
8,700,000 Prussia
92%
11,500,000 Spain
92%
3,200,000 Sweden
92%
2,750,000 Portugal
89%
2,100,000 Denmark
78%
1,830,000 Helvetic Republic
73%
3,200,000 Bavaria
62%
5,000,000 Naples
57%
2,300,000 Papal States
57%
1,700,000 Sicily
46%
2,700,000 Sardinia
43%
1,050,000 Saxony
35%
1,224,000 Tuscany
30%
2,011,000 Ligurian Republic
11%
1,300,000 Cisalpine Republic
8%
No matching quizzes found
Score Distribution
Percent of People with Each Score
Percentile by Number Answered
Your Score History
You have not taken this quiz